Regioni italiane da Nord a Sud - Statistics

Statistiche generali
  • Questo quiz è stato fatto 567 volte
  • Il punteggio medio è 15 su 20
Statistiche sulle risposte
Latitudine punto regionale più a Nord Regione % Corretto
47°05′29″N Trentino-Alto Adige
98%
46°40′50″N Veneto
86%
46°38′52″N Friuli-Venezia Giulia
84%
46°38′07″N Lombardia
84%
46°27′52″N Piemonte
81%
44°28′22″N Toscana
81%
45°08′21″N Emilia-Romagna
80%
44°40′35″N Liguria
80%
45°59′16″N Valle d'Aosta
78%
43°58′11″N Marche
77%
43°37′02″N Umbria
75%
42°50′19″N Lazio
73%
42°53′41″N Abruzzo
71%
42°13′36″N Puglia
61%
41°30′26″N Campania
60%
42°04′14″N Molise
59%
38°48′44″N Sicilia
59%
40°08′38″N Calabria
58%
41°08′24″N Basilicata
57%
41°18′48″N Sardegna
56%
Nessun quiz corrispondente trovato
Distribuzione punteggi
Percentuale di utenti per punteggio
Percentile per numero di risposta
I tuoi punteggi nel tempo
Non hai fatto questo quiz